Music Quiz

Random Music or Clickable Quiz

Clickable James Morrison Songs Quiz Stats

 Plays Quiz not verified by Sporcle

Challenge
Share
Tweet
Embed
Score 0/58 Timer 10:00
0 Plays Today
% Correct
Call the Police
81.3%
Dream on Hayley
68.8%
Higher Than Here
68.8%
Naked With You
68.8%
Demons
68.8%
Wonderful World
62.5%
The Letter
62.5%
If the Rain Must Fall
62.5%
Heaven to a Fool
62.5%
Under the Influence
56.3%
You Give Me Something
56.3%
One Last Chance
56.3%
Undiscovered
56.3%
This Boy
56.3%
The Last Goodbye
56.3%
Better Man
56.3%
You Make It Real
56.3%
Once When I Was Little
56.3%
Precious Love
56.3%
If You Don't Wanna Love Me
56.3%
Fix the World Up for You
56.3%
Get to You
56.3%
6 Weeks
56.3%
One Life
56.3%
I Need You Tonight
56.3%
Just Like a Child
56.3%
How Come
50%
Broken Strings
50%
Nothing Ever Hurt Like You
50%
% Correct
I Won't Let You Go
50%
Slave to the Music
50%
Person I Should Have Been
50%
All Around the World
50%
Too Late for Lullabies
50%
Lonely People
50%
The Pieces Don't Fit Anymore
43.8%
The Only Night
43.8%
Please Don't Stop the Rain
43.8%
Love is Hard
43.8%
In My Dreams
43.8%
Beautiful Life
43.8%
The Awakening
43.8%
Reach Out
43.8%
Something Right
43.8%
On the Same Side
37.5%
Right by Your Side
37.5%
Stay Like This
37.5%
Easy Love
37.5%
Save Yourself
31.3%
Up
31.3%
Forever
31.3%
Right Here
31.3%
We Can
31.3%
In the Shadow of a Dream
31.3%
Sitting on a Platform
25%
Say Something Now
25%
Movin' On
18.8%
My Uprising
6.3%

You're not logged in!

Compare scores with friends on all Sporcle quizzes.
Join for Free
OR
Log In

You Might Also Like...

Show Comments

Extras

Top Quizzes Today


Score Distribution

Your Account Isn't Verified!

In order to create a playlist on Sporcle, you need to verify the email address you used during registration. Go to your Sporcle Settings to finish the process.

Report this User

Report this user for behavior that violates our Community Guidelines.

Details: